MARC details
| 000 -CABECERA |
| campo de control de longitud fija |
01109nam a2200289 a 4500 |
| 001 - NÚMERO DE CONTROL |
| campo de control |
000024187 |
| 005 - FECHA Y HORA DE LA ÚLTIMA TRANSACCIÓN |
| campo de control |
20250909115816.0 |
| 008 - DATOS DE LONGITUD FIJA--INFORMACIÓN GENERAL |
| campo de control de longitud fija |
110120s1989 ag r 000 | spa d |
| 020 ## - NÚMERO INTERNACIONAL ESTÁNDAR DEL LIBRO |
| Número Internacional Estándar del Libro |
9506940614 |
| 040 ## - FUENTE DE LA CATALOGACIÓN |
| Centro catalogador/agencia de origen |
DO-SdBNP |
| Lengua de catalogación |
spa |
| Centro/agencia transcriptor |
BNPHU |
| 041 17 - CÓDIGO DE LENGUA |
| Código de lengua del texto/banda sonora o título independiente |
eng |
| Código de lengua del material acompañante/anejo si no son libretos |
spa |
| Fuente del código |
Código de idioma MARC |
| 082 ## - NÚMERO DE LA CLASIFICACIÓN DECIMAL DEWEY |
| Número de clasificación |
320.51 |
| Número de documento/Ítem |
K89c |
| 049 ## - FONDOS LOCALES (OCLC) |
| Fondos de biblioteca |
BNGR |
| 100 1# - ENTRADA PRINCIPAL--NOMBRE DE PERSONA |
| Nombre de persona |
Krasner, Stephen D. |
| 9 (RLIN) |
49672 |
| 240 14 - TÍTULO UNIFORME |
| Título uniforme |
The thrid world against global liberalism |
| Lenguaje de la obra |
Español |
| 245 10 - MENCIÓN DE TÍTULO |
| Título |
Conflicto estructural : |
| Resto del título |
el Tercer Mundo contra el liberalismo global / |
| Mención de responsabilidad, etc. |
Stephen D. Krasner; traducción de Mirta Rosenberg. |
| 260 ## - PUBLICACIÓN, DISTRIBUCIÓN, ETC. |
| Lugar de publicación, distribución, etc. |
Buenos Aires, (Argentina) : |
| Nombre del editor, distribuidor, etc. |
Grupo Editor Latinoamericano, |
| Fecha de publicación, distribución, etc. |
1989. |
| 300 ## - DESCRIPCIÓN FÍSICA |
| Extensión |
305 p. : |
| Otras características físicas |
il. ; |
| Dimensiones |
23 cm. |
| 490 1# - MENCIÓN DE SERIE |
| Mención de serie |
Estudios Internacionales |
| 500 ## - NOTA GENERAL |
| Nota general |
Incluye notas al pie de páginas |
| 534 ## - NOTA SOBRE LA VERSIÓN ORIGINAL |
| Encabezamiento principal del original |
Título del original en inglés : |
| Mención de título del original |
The thrid world against global liberalism |
| 650 #0 - PUNTO DE ACCESO ADICIONAL DE MATERIA--TÉRMINO DE MATERIA |
| Término de materia o nombre geográfico como elemento de entrada |
Liberalismo |
| 9 (RLIN) |
5271 |
| 650 #0 - PUNTO DE ACCESO ADICIONAL DE MATERIA--TÉRMINO DE MATERIA |
| Término de materia o nombre geográfico como elemento de entrada |
Relaciones económicas internacionales |
| 9 (RLIN) |
1067 |
| 650 #4 - PUNTO DE ACCESO ADICIONAL DE MATERIA--TÉRMINO DE MATERIA |
| Término de materia o nombre geográfico como elemento de entrada |
Formas de gobierno |
| 9 (RLIN) |
2772 |
| 700 1# - PUNTO DE ACCESO ADICIONAL--NOMBRE DE PERSONA |
| Nombre de persona |
Rosenberg, Mirta |
| Término indicativo de función/relación |
tr. |
| 9 (RLIN) |
49673 |
| 830 #0 - PUNTO DE ACCESO ADICIONAL DE SERIE-TÍTULO UNIFORME |
| Título uniforme |
Estudios Internacionales |
| 9 (RLIN) |
48515 |